000 02421nam a22003377a 4500
003 OSt
005 20260515123310.0
008 250910b |||||||| |||| 00| 0 eng d
022 _a1547-7185
022 _a0022-2429
040 _aEnglish
_ctbs
041 _aEnglish
100 _aWarren, Caleb
_926424
_eauthor
245 _aBrand coolness
_c/ Caleb Warren, Rajeev Batra, Sandra Maria Correia Loureiro, and Richard P. Bagozzi.
260 _bJournal of Marketing,
_c2019
300 _a36-56 pages.
362 _aJournal of marketing, 2019-09, Vol.83 (5), p.36-56
520 _aMarketers strive to create cool brands, but the literature does not offer a blueprint for what "brand coolness" means or what features characterize cool brands. This research uses a mixed-methods approach to conceptualize brand coolness and identify a set of characteristics typically associated with cool brands. Focus groups, depth interviews, and an essay study indicate that cool brands are perceived to be extraordinary, aesthetically appealing, energetic, high status, rebellious, original, authentic, subcultural, iconic, and popular. In nine quantitative studies (surveys and experiments), the authors develop scale items to reliably measure the component characteristics of brand coolness; show that brand coolness influences important outcome variables, including consumers' attitudes toward, satisfaction with, intentions to talk about, and willingness to pay for the brand; and demonstrate how cool brands change over time. At first, most brands become cool to a small niche, at which point they are perceived to be more subcultural, rebellious, authentic, and original. Over time, some cool brands become adopted by the masses, at which point they are perceived to be more popular and iconic.
630 0 _aMSc Brand Management & Creativity
_926051
650 0 _aBranding (Marketing)
_96284
650 0 _aMotivation research (Marketing)
_97225
650 0 _aConsumer behavior
_9997
650 0 _aConsumers' preferences
_923349
650 0 _aBrand name products
_92371
650 0 _aAuthenticity (Philosophy)
_927111
700 _aBatra, Rajeev
_98161
_eauthor
700 _aBagozzi, Richard P.
_926426
_eauthor
700 _aLoureiro, Sandra Maria Correia
_926425
_eauthor
856 _uhttps://research-ebsco-com.hub.tbs-education.fr/linkprocessor/plink?id=f4e8e586-0dd7-3094-a466-58815210d634
942 _2lcc
_cARTICLE
999 _c5144
_d5144